| 000 | 01184cam a22002773a 4500 | ||
|---|---|---|---|
| 001 | 26320 | ||
| 003 | PGUSA | ||
| 005 | 20140828083552.0 | ||
| 008 | 080815s2008||||xxu|||||s|||||000 e eng d | ||
| 040 |
_aPGUSA _beng |
||
| 042 | _adc | ||
| 050 | 4 | _aPN | |
| 050 | 4 | _aML | |
| 100 | 1 |
_aVan Vechten, Carl, _d1880-1964 |
|
| 245 | 1 | 4 |
_aThe Merry-Go-Round _h[electronic resource] / _cCarl Van Vechten |
| 260 |
_bProject Gutenberg, _c2008 |
||
| 505 | 0 | _aIn defence of bad taste -- Music and supermusic -- Edgar Saltus -- The new art of the singer -- Au bal musette -- Music and cooking -- An interrupted conversation -- The authoritative work on American music -- Old days and new -- Two young American playwrights [Avery Hopwood and Philip Moeller] -- De senectute cantorum -- Impressions in the theater: The land of joy, A note on Mimi Aguglia, The new Isadora, Margaret Anglin produces As you like it -- The modern composers at a glance. | |
| 506 | _aPublic domain in the USA. | ||
| 516 | _aElectronic text | ||
| 653 | _aMusic | ||
| 653 | _aTheater | ||
| 653 | _aEssays | ||
| 830 | 0 |
_aProject Gutenberg _v26320 |
|
| 856 | 4 | 0 | _uhttp://www.gutenberg.org/ebooks/26320 |
| 942 | _cEB | ||
| 999 |
_c255575 _d255575 |
||